000 00786nam 22002533 4500
001 197840
010 _a989-557-131-3
021 _aPT
_b172 114/01
090 _a197840
100 _a20250915d u||y0pory50 ba
101 _apor
102 _aPT
200 _aQuarto Com Vista Para o Paraíso
_fDaniel Marques Ferreira
_gIlustração de Adelino Barroso
205 _a
210 _aVila Nova de Gaia
_cGailivro
_d2004
215 _a180, [4] p. : il.
_cBrochado
_d20 cm
225 _aAsas de Vento
_v2
606 _99253
_aLiteratura Juvenil Portuguesa
_xContos
675 _a821.134.3-34-93/FER/QUA
_vPT
_zpor
700 _93160
_aFerreira
_bDaniel Marques
702 _93538
_aBarroso
_bAdelino
801 _aPT
_bBMMN
_gRPC
830 _cCarlos Pinto
_d15-09-2025
_fCarlos Pinto
990 _cLIVROS